Statistics for Countries that recently switch relations from Taiwan to China

Click here to take the quiz!

General Stats

  • This quiz has been taken 18 times
    (6 since last reset)
  • The average score is 15 of 29

Answer Stats

ContinentRelation CeasedCountry% Correct
Americas2018El Salvador
100%
Americas2007Costa Rica
83%
Africa2018Burkina Faso
67%
Americas2004Dominica
67%
Americas2018Dominican Republic
67%
Americas2005Grenada
67%
Oceania2019Kiribati
67%
Americas2021Nicaragua
67%
Africa2016São Tomé and Príncipe
67%
Oceania2019Solomon Islands
67%
Asia1992South Korea
67%
Americas1997Bahamas
50%
Africa2013Gambia
50%
Asia1992Israel
50%
Africa2003Liberia
50%
Africa2008Malawi
50%
Europe1995Monaco
50%
Americas2017Panama
50%
Oceania1998Tonga
50%
Oceania2004Vanuatu
50%
Africa1998Central African Republic
33%
Africa2006Chad
33%
Africa1998Guinea-Bissau
33%
Africa1994Lesotho
33%
Africa1996Niger
33%
Asia1990Saudi Arabia
33%
Africa2005Senegal
33%
Africa1998South Africa
33%
Europe2001North Macedonia
17%

Score Distribution

Percentile by Number Answered

Percent of People with Each Score

Your Score History

You have not taken this quiz since the last reset